Scrambled European Countries/Capitals Quiz - Statistics

General Stats
  • This quiz has been taken 18 times
  • The average score is 16 of 30
Answer Stats
Letters Country % Correct
oamnco Monaco
80%
Monaco
80%
Banaal Albania
73%
Tirana
73%
rfiasr France
67%
Paris
67%
aolsva Slovakia
67%
Bratislava
60%
Budapest
60%
usenht Hungary
60%
Srnolo Norway
60%
Oslo
60%
Berlin
53%
ginlre Germany
53%
ikivec Iceland
53%
Reykjavik
53%
ttyavi Vatican City
53%
Vatican City
53%
Lisbon
47%
amluno Moldova
47%
nproob Portugal
47%
rdease Serbia
47%
keslnb Belarus
40%
Belgrade
40%
oosvbe Bosnia and Herzegovina
40%
Chisinau
40%
London
40%
Minsk
40%
Sarajevo
40%
monudi United kingdom
40%
No matching quizzes found
Score Distribution
Percent of People with Each Score
Percentile by Number Answered
Your Score History
You have not taken this quiz